| 000 | 00814cam a2200265 a 4500 | ||
|---|---|---|---|
| 001 | 3840558 | ||
| 003 | GBCCL | ||
| 005 | 20241126110408.0 | ||
| 008 | 870618s1987 mnu b 001 0 eng | ||
| 010 | _a 87017570 | ||
| 020 | _a0806622806 (pbk.) | ||
| 040 |
_aDLC _cDLC _dDLC |
||
| 050 | 0 | 0 |
_aBV2063 _b.S48 1987 |
| 082 | 0 | 0 |
_a266 _219 _bSCH |
| 100 | 1 |
_aScherer, James A. _93648 |
|
| 245 | 1 | 0 |
_aGospel, church & kingdom : _bcomparative studies in world mission theology / _cJames A. Scherer. |
| 260 |
_aMinneapolis : _bAugsburg Pub. House, _cc1987. |
||
| 300 |
_a271 p. ; _c22 cm. |
||
| 500 | _aIncludes index. | ||
| 504 | _aBibliography: p. 264-267. | ||
| 650 | 0 |
_aMissions _xTheory. _948 |
|
| 740 | 0 | _aGospel, church, and kingdom. | |
| 906 |
_a7 _bcbc _corignew _d1 _eocip _f19 _gy-gencatlg |
||
| 942 |
_2ddc _cBK _09 |
||
| 999 |
_c1761 _d1761 |
||